East Midlands Railway Station Quiz - Statistics

General Stats
  • This quiz has been taken 5 times
  • The average score is 58 of 141
Answer Stats
Answer % Correct
Corby
100%
Crewe
100%
Derby
100%
Leicester
100%
Lincoln
100%
Matlock
100%
Newark North Gate
100%
Nottingham
100%
Peterborough
100%
Sheffield
100%
Skegness
100%
Ulceby
100%
Doncaster
80%
East Midlands Parkway
80%
Liverpool Lime Street
80%
Manchester Piccadilly
80%
Matlock Bath
80%
Melton Mowbray
80%
Norwich
80%
Bedford
60%
Beeston
60%
Boston
60%
Chesterfield
60%
London St. Pancras International
60%
Dronfield
60%
Edale
60%
Ely
60%
Grantham
60%
Grimsby Town
60%
Kettering
60%
Loughborough
60%
Luton
60%
Mansfield
60%
March
60%
Market Rasen
60%
Newark Castle
60%
Oakham
60%
Stockport
60%
Widnes
60%
Worksop
60%
Alfreton
40%
Ambergate
40%
Attenborough
40%
Attleborough
40%
Barrow-upon-Soar
40%
Barton-on-Humber
40%
Belper
40%
Bingham
40%
Birchwood
40%
Carlton
40%
Chinley
40%
Cleethorpes
40%
Cromford
40%
Dore & Totley
40%
Gainsborough Lea Road
40%
Grindleford
40%
Habrough
40%
Hathersage
40%
Heckington
40%
Hope
40%
Hough Green
40%
Hubberts Bridge
40%
Hucknall
40%
Hunts Cross
40%
Ilkeston
40%
Irlam
40%
Kirkby-in-Ashfield
40%
Liverpool South Parkway
40%
Long Eaton
40%
Luton Airport Parkway
40%
Manchester Oxford Road
40%
Market Harborough
40%
Metheringham
40%
New Clee
40%
Newstead
40%
Radcliffe
40%
Rauceby
40%
Sileby
40%
Sleaford
40%
Spalding
40%
Stamford
40%
Stoke-on-Trent
40%
Syston
40%
Thetford
40%
Wainfleet
40%
Warrington Central
40%
Wellingborough
40%
Wymondham
40%
Alsager
20%
Ancaster
20%
Bamford
20%
Barnetby
20%
Bleasby
20%
Blythe Bridge
20%
Bottesford
20%
Brandon
20%
Bulwell
20%
Burton Joyce
20%
Collingham
20%
Creswell
20%
Duffield
20%
Elton & Orston
20%
Fiskerton
20%
Great Coates
20%
Grimsby Docks
20%
Havenhouse
20%
Hazel Grove
20%
Healing
20%
Hykeham
20%
Kidsgrove
20%
Langley Mill
20%
Langwith-Whaley Thorns
20%
Longport
20%
Longton
20%
Lowdham
20%
Mansfield Woodhouse
20%
Netherfield
20%
Peartree
20%
Rolleston
20%
Ruskington
20%
Saxilby
20%
Shirebrook
20%
Spondon
20%
Stallingborough
20%
Sutton Parkway
20%
Swinderby
20%
Swineshead
20%
Thurgarton
20%
Tutbury & Hatton
20%
Uttoxeter
20%
Whatstandwell
20%
Whittlesea
20%
Aslockton
0%
Barrow Haven
0%
Eccles Road
0%
Goxhill
0%
Harling Road
0%
New Holland
0%
Thornton Abbey
0%
Thorpe Culvert
0%
Whitwell
0%
No matching quizzes found
Score Distribution
Percent of People with Each Score
Percentile by Number Answered
Your Score History
You have not taken this quiz